000 00275cam a2200109ua 4500
082 _a028.72551
_bCUD/FL
100 _aCudworth, Arthur G .
_91546
245 _aFlood Hydrology Manual /
260 _aJodhpur :
_bScientific Publishers ,
_c1991.
300 _a243 ; .
942 _cBK
999 _c7893
_d7893